| 000 | 00523nam a2200205Ia 4500 | ||
|---|---|---|---|
| 003 | OSt | ||
| 005 | 20230411155041.0 | ||
| 008 | 210423s1998 xx 000 0 und d | ||
| 020 | _a415284252 | ||
| 040 | _cAL | ||
| 041 | _aeng | ||
| 082 |
_a780 _223 _bSHUR |
||
| 100 |
_aSHUKER (Roy). _986368 |
||
| 245 | _aPopular music: key concepts. | ||
| 260 |
_aEdinburhg _bEdinburgh University Press _c1998 |
||
| 300 |
_axxiv,365 _bPB |
||
| 365 |
_b1172 _cINR |
||
| 906 | _aconcepts. ; key ; music: ; Popular | ||
| 942 |
_2ddc _cBK |
||
| 999 |
_c157171 _d157171 |
||